[Event "EYCC 2024 - O12"]
[Site "?"]
[Date "2024.08.30"]
[Round "8.13"]
[White "Jalving, August"]
[Black "Garakhanov, Shamsi"]
[Result "1/2-1/2"]
[BlackElo "1906"]
[WhiteElo "2027"]
[LiveChessVersion "1.4.8"]

1. e4 {[%clk 1:30:56]} c5 {[%clk 1:30:55]} 2. Nf3 {[%clk 1:31:21]} d6
{[%clk 1:31:14]} 3. d4 {[%clk 1:31:47]} cxd4 {[%clk 1:31:41]} 4. Nxd4
{[%clk 1:32:12]} Nf6 {[%clk 1:32:06]} 5. Nc3 {[%clk 1:32:32]} a6 {[%clk 1:32:31]}
6. h3 {[%clk 1:32:58]} e5 {[%clk 1:30:01]} 7. Nf3 {[%clk 1:33:18]} Be7
{[%clk 1:27:10]} 8. g4 {[%clk 1:33:23]} Be6 {[%clk 1:26:41]} 9. Ng5
{[%clk 1:33:31]} h6 {[%clk 1:21:43]} 10. Nxe6 {[%clk 1:33:46]} fxe6
{[%clk 1:22:12]} 11. Bc4 {[%clk 1:32:35]} Qd7 {[%clk 1:19:41]} 12. a4
{[%clk 1:15:35]} Nc6 {[%clk 1:15:46]} 13. Be3 {[%clk 1:14:31]} Bd8
{[%clk 1:11:39]} 14. Qd3 {[%clk 0:59:21]} Ba5 {[%clk 1:03:54]} 15. O-O-O
{[%clk 0:56:03]} O-O-O {[%clk 0:51:24]} 16. f4 {[%clk 0:42:35]} exf4
{[%clk 0:39:26]} 17. Bxf4 {[%clk 0:42:52]} Bxc3 {[%clk 0:39:31]} 18. bxc3
{[%clk 0:34:00]} e5 {[%clk 0:29:36]} 19. Bg3 {[%clk 0:33:39]} Qc7
{[%clk 0:26:14]} 20. Bf2 {[%clk 0:27:52]} Qa5 {[%clk 0:25:53]} 21. Bb3
{[%clk 0:27:45]} Kb8 {[%clk 0:26:11]} 22. Kb2 {[%clk 0:27:42]} Ka8
{[%clk 0:25:57]} 23. Rhe1 {[%clk 0:26:54]} Kb8 {[%clk 0:23:45]} 24. Qe3
{[%clk 0:25:40]} Kc7 {[%clk 0:22:13]} 25. Qd3 {[%clk 0:15:08]} Rhf8
{[%clk 0:21:14]} 26. Bg1 {[%clk 0:15:02]} Kb8 {[%clk 0:19:50]} 27. Qe3
{[%clk 0:14:14]} Qc7 {[%clk 0:19:30]} 28. Qd3 {[%clk 0:12:38]} Ng8
{[%clk 0:15:23]} 29. Rd2 {[%clk 0:12:11]} Nge7 {[%clk 0:14:41]} 30. Red1
{[%clk 0:10:58]} Ng6 {[%clk 0:14:13]} 31. Qe3 {[%clk 0:09:28]} Nf4
{[%clk 0:13:56]} 32. h4 {[%clk 0:07:45]} g5 {[%clk 0:13:46]} 33. hxg5
{[%clk 0:07:36]} hxg5 {[%clk 0:14:12]} 34. Qb6 {[%clk 0:07:31]} Rh8
{[%clk 0:11:29]} 35. a5 {[%clk 0:07:26]} Rd7 {[%clk 0:04:46]} 36. Qxc7+
{[%clk 0:07:48]} Rxc7 {[%clk 0:05:15]} 37. Bb6 {[%clk 0:08:01]} Rcc8
{[%clk 0:04:37]} 38. Rxd6 {[%clk 0:08:01]} Rh4 {[%clk 0:04:50]} 39. Ba4
{[%clk 0:05:27]} Rxg4 {[%clk 0:03:55]} 40. Bxc6 {[%clk 0:05:48]} bxc6
{[%clk 0:04:21]} 41. Rd7 {[%clk 0:06:02]} Ng6 {[%clk 0:02:58]} 42. Rg7
{[%clk 0:04:48]} Nf8 {[%clk 0:03:27]} 43. Rh1 {[%clk 0:01:36]} Rf4
{[%clk 0:01:14]} 44. Rxg5 {[%clk 0:01:50]} Rxe4 {[%clk 0:01:30]} 45. Rhh5
{[%clk 0:01:05]} Nd7 {[%clk 0:01:00]} 46. Rg7 {[%clk 0:01:06]} Nf6
{[%clk 0:01:24]} 47. Rf5 {[%clk 0:01:12]} Ne8 {[%clk 0:01:21]} 48. Rd7
{[%clk 0:01:31]} Nc7 {[%clk 0:00:59]} 49. Rff7 {[%clk 0:01:56]} Nb5
{[%clk 0:01:25]} 50. Kb3 {[%clk 0:00:49]} Re8 {[%clk 0:01:09]} 51. c4
{[%clk 0:00:45]} Nd4+ {[%clk 0:01:38]} 52. Kb2 {[%clk 0:00:38]} Re2
{[%clk 0:00:57]} 53. Bxd4 {[%clk 0:00:42]} exd4 {[%clk 0:01:15]} 54. Rxd4
{[%clk 0:01:05]} R2e7 {[%clk 0:01:37]} 55. Rf6 {[%clk 0:01:11]} Re6
{[%clk 0:01:54]} 56. Rdf4 {[%clk 0:01:13]} Rxf6 {[%clk 0:01:39]} 57. Rxf6
{[%clk 0:01:42]} Kc7 {[%clk 0:02:04]} 58. Rf7+ {[%clk 0:01:54]} Kb8
{[%clk 0:01:05]} 59. Kc3 {[%clk 0:01:51]} Re5 {[%clk 0:01:28]} 60. Kb4
{[%clk 0:02:12]} Rg5 {[%clk 0:01:54]} 61. Rf8+ {[%clk 0:00:59]} Kb7
{[%clk 0:02:11]} 62. Rf3 {[%clk 0:01:05]} Kc7 {[%clk 0:02:03]} 63. Rb3
{[%clk 0:00:51]} Rf5 {[%clk 0:02:02]} 64. Ka4 {[%clk 0:01:14]} Rc5
{[%clk 0:02:24]} 65. Kb4 {[%clk 0:01:13]} Rh5 {[%clk 0:02:50]} 66. c3
{[%clk 0:01:17]} Rg5 {[%clk 0:03:04]} 67. Ka4 {[%clk 0:01:39]} Rg4
{[%clk 0:03:03]} 68. Rb4 {[%clk 0:01:41]} Rf4 {[%clk 0:03:25]} 69. Kb3
{[%clk 0:01:46]} Rf5 {[%clk 0:03:43]} 70. Ka4 {[%clk 0:02:15]} Rc5
{[%clk 0:03:58]} 71. Rb6 {[%clk 0:02:26]} Rxc4+ {[%clk 0:04:18]} 72. Kb3
{[%clk 0:02:55]} Rc5 {[%clk 0:04:38]} 73. Rxa6 {[%clk 0:03:18]} Rb5+
{[%clk 0:05:05]} 74. Ka4 {[%clk 0:03:02]} Kb7 {[%clk 0:05:27]} 75. Rb6+
{[%clk 0:03:10]} Rxb6 {[%clk 0:05:54]} 76. axb6 {[%clk 0:03:31]} Kxb6
{[%clk 0:06:23]} 77. Kb4 {[%clk 0:03:38]} Kb7 {[%clk 0:06:14]} 78. Ka5
{[%clk 0:03:22]} Ka7 {[%clk 0:06:33]} 79. Ka4 {[%clk 0:03:32]} Kb6
{[%clk 0:06:57]} 80. Kb4 {[%clk 0:03:58]} Kb7 {[%clk 0:07:22]} 81. Kc5
{[%clk 0:04:12]} Kc7 {[%clk 0:07:48]} 82. c4 {[%clk 0:03:34]} Kd7
{[%clk 0:08:14]} 83. Kd4 {[%clk 0:03:52]} Kd6 {[%clk 0:08:35]} 84. Ke4
{[%clk 0:03:45]} Kc5 {[%clk 0:09:02]} 85. Kd3 {[%clk 0:04:02]} Kb4
{[%clk 0:09:29]} 86. Kd4 {[%clk 0:04:12]} Kb3 {[%clk 0:09:48]} 87. Kc5
{[%clk 0:04:26]} Kc3 {[%clk 0:10:14]} 88. Kxc6 {[%clk 0:04:46]} Kxc4 1/2-1/2

[Event "EYCC 2024 - O12"]
[Site "?"]
[Date "2024.08.30"]
[Round "8.14"]
[White "Frigerio, Riccardo"]
[Black "Ferreira, Vasco Capitao Mendes"]
[Result "1/2-1/2"]
[BlackElo "1883"]
[WhiteElo "1973"]
[LiveChessVersion "1.4.8"]

1. e4 {[%clk 1:30:47]} e6 {[%clk 1:30:43]} 2. d4 {[%clk 1:31:13]} d5
{[%clk 1:31:09]} 3. Nc3 {[%clk 1:31:39]} Nf6 {[%clk 1:30:40]} 4. Bg5
{[%clk 1:30:40]} Be7 {[%clk 1:29:46]} 5. e5 {[%clk 1:30:54]} Nfd7
{[%clk 1:29:42]} 6. h4 {[%clk 1:27:03]} h6 {[%clk 1:25:51]} 7. Bxe7
{[%clk 1:26:57]} Qxe7 {[%clk 1:26:13]} 8. f4 {[%clk 1:26:18]} a6 {[%clk 1:22:45]}
9. Qd2 {[%clk 1:24:51]} c5 {[%clk 1:22:11]} 10. Nf3 {[%clk 1:25:14]} Nc6
{[%clk 1:21:39]} 11. Ne2 {[%clk 1:25:09]} cxd4 {[%clk 1:14:43]} 12. Nfxd4
{[%clk 1:20:11]} Nc5 {[%clk 1:08:44]} 13. c3 {[%clk 1:18:09]} Ne4
{[%clk 1:03:09]} 14. Qe3 {[%clk 1:17:56]} Bd7 {[%clk 0:55:54]} 15. g4
{[%clk 1:18:05]} O-O-O {[%clk 0:43:52]} 16. Bg2 {[%clk 1:15:09]} Nxd4
{[%clk 0:41:32]} 17. Nxd4 {[%clk 1:14:54]} Bc6 {[%clk 0:33:55]} 18. Bxe4
{[%clk 1:05:08]} dxe4 {[%clk 0:34:12]} 19. O-O-O {[%clk 1:04:40]} Qc5
{[%clk 0:30:01]} 20. Kb1 {[%clk 1:02:43]} b5 {[%clk 0:24:30]} 21. Rhe1
{[%clk 0:58:40]} Bd5 {[%clk 0:23:03]} 22. Rc1 {[%clk 0:53:05]} Kb8
{[%clk 0:22:04]} 23. Qg3 {[%clk 0:52:26]} Bc4 {[%clk 0:16:44]} 24. Rxe4
{[%clk 0:50:16]} Bxa2+ {[%clk 0:15:50]} 25. Ka1 {[%clk 0:50:02]} Bd5
{[%clk 0:13:56]} 26. b4 {[%clk 0:47:09]} 1/2-1/2

[Event "EYCC 2024 - O12"]
[Site "?"]
[Date "2024.08.30"]
[Round "8.15"]
[White "Beniosev, Daniel"]
[Black "Varyemez, Ali"]
[Result "0-1"]
[BlackElo "1964"]
[WhiteElo "1728"]
[LiveChessVersion "1.4.8"]

1. e4 {[%clk 1:30:45]} c5 {[%clk 1:30:56]} 2. Nc3 {[%clk 1:30:54]} e6
{[%clk 1:31:21]} 3. g3 {[%clk 1:30:48]} d5 {[%clk 1:31:46]} 4. d3
{[%clk 1:30:04]} d4 {[%clk 1:27:25]} 5. Nce2 {[%clk 1:29:31]} Nc6
{[%clk 1:27:28]} 6. Bg2 {[%clk 1:29:15]} Nf6 {[%clk 1:27:16]} 7. f4
{[%clk 1:29:07]} e5 {[%clk 1:26:22]} 8. Nf3 {[%clk 1:28:28]} Bd6 {[%clk 1:26:17]}
9. O-O {[%clk 1:27:48]} h6 {[%clk 1:15:59]} 10. h3 {[%clk 1:24:57]} b5
{[%clk 1:04:20]} 11. g4 {[%clk 1:16:57]} Qc7 {[%clk 0:59:15]} 12. f5
{[%clk 1:14:16]} c4 {[%clk 0:56:58]} 13. Kh1 {[%clk 1:11:01]} Bb7
{[%clk 0:50:59]} 14. Bd2 {[%clk 1:09:00]} a5 {[%clk 0:47:18]} 15. a4
{[%clk 1:05:32]} b4 {[%clk 0:41:40]} 16. b3 {[%clk 1:04:59]} cxb3
{[%clk 0:41:56]} 17. cxb3 {[%clk 1:05:19]} Rc8 {[%clk 0:41:15]} 18. Rc1
{[%clk 1:04:54]} Nd7 {[%clk 0:33:25]} 19. Rc2 {[%clk 0:50:02]} Nc5
{[%clk 0:32:32]} 20. Nc1 {[%clk 0:50:24]} Ba6 {[%clk 0:31:32]} 21. Qe2
{[%clk 0:50:44]} f6 {[%clk 0:25:51]} 22. h4 {[%clk 0:47:04]} Qf7 {[%clk 0:26:09]}
23. Rb2 {[%clk 0:47:22]} Kd7 {[%clk 0:25:44]} 24. Bh3 {[%clk 0:45:57]} Kc7
{[%clk 0:25:54]} 25. Kg2 {[%clk 0:45:46]} Kb8 {[%clk 0:26:08]} 26. Kf2
{[%clk 0:42:48]} Rc7 {[%clk 0:24:47]} 27. Rg1 {[%clk 0:42:40]} Be7
{[%clk 0:24:24]} 28. Rg3 {[%clk 0:38:40]} Rhc8 {[%clk 0:24:37]} 29. Ke1
{[%clk 0:36:29]} Nd8 {[%clk 0:23:15]} 30. g5 {[%clk 0:34:48]} hxg5
{[%clk 0:23:20]} 31. hxg5 {[%clk 0:35:12]} Ndb7 {[%clk 0:23:28]} 32. gxf6
{[%clk 0:35:13]} gxf6 {[%clk 0:23:52]} 33. Bf1 {[%clk 0:35:37]} Nd6
{[%clk 0:17:13]} 34. Qd1 {[%clk 0:33:37]} Rg8 {[%clk 0:16:01]} 35. Rxg8+
{[%clk 0:33:22]} Qxg8 {[%clk 0:16:29]} 36. Kf2 {[%clk 0:33:43]} Ndxe4+
{[%clk 0:16:05]} 37. Ke2 {[%clk 0:33:06]} Ng3+ {[%clk 0:14:31]} 38. Kf2
{[%clk 0:33:31]} Nge4+ {[%clk 0:14:23]} 39. Ke2 {[%clk 0:33:58]} Ng3+
{[%clk 0:14:46]} 40. Kf2 {[%clk 0:33:27]} Nxf5 {[%clk 0:15:15]} 0-1

[Event "EYCC 2024 - O12"]
[Site "?"]
[Date "2024.08.30"]
[Round "8.16"]
[White "Torres Rebolledo, Alvaro"]
[Black "Zhang, Yibo"]
[Result "1-0"]
[BlackElo "1938"]
[WhiteElo "2193"]
[LiveChessVersion "1.4.8"]

1. e4 {[%clk 1:29:46]} e5 {[%clk 1:30:56]} 2. Nf3 {[%clk 1:30:09]} Nc6
{[%clk 1:31:15]} 3. Bc4 {[%clk 1:30:34]} Bc5 {[%clk 1:31:40]} 4. d3
{[%clk 1:30:54]} Nf6 {[%clk 1:31:22]} 5. Bg5 {[%clk 1:31:07]} d6 {[%clk 1:28:13]}
6. c3 {[%clk 1:31:24]} h6 {[%clk 1:27:52]} 7. Bh4 {[%clk 1:31:30]} a6
{[%clk 1:27:12]} 8. a4 {[%clk 1:30:51]} g5 {[%clk 1:05:41]} 9. Bg3
{[%clk 1:31:10]} Ba7 {[%clk 1:05:47]} 10. O-O {[%clk 1:31:11]} Bg4
{[%clk 0:56:44]} 11. Kh1 {[%clk 1:29:24]} Qd7 {[%clk 0:54:25]} 12. Nbd2
{[%clk 1:24:03]} h5 {[%clk 0:44:37]} 13. h4 {[%clk 1:22:59]} Nh7 {[%clk 0:28:35]}
14. b4 {[%clk 1:00:03]} Ne7 {[%clk 0:26:50]} 15. Qb3 {[%clk 0:54:19]} Ng6
{[%clk 0:22:59]} 16. d4 {[%clk 0:48:11]} gxh4 {[%clk 0:11:23]} 17. Nxh4
{[%clk 0:48:00]} Nxh4 {[%clk 0:10:38]} 18. Bxh4 {[%clk 0:48:18]} exd4
{[%clk 0:10:40]} 19. Rae1 {[%clk 0:44:11]} Be6 {[%clk 0:08:34]} 20. e5
{[%clk 0:37:19]} Bxc4 {[%clk 0:05:49]} 21. Nxc4 {[%clk 0:36:01]} d5
{[%clk 0:06:16]} 22. e6 {[%clk 0:35:45]} fxe6 {[%clk 0:06:11]} 23. Ne5
{[%clk 0:35:40]} Qg7 {[%clk 0:04:18]} 24. cxd4 {[%clk 0:31:32]} Bxd4
{[%clk 0:04:02]} 25. Nf3 {[%clk 0:29:22]} Kd7 {[%clk 0:01:53]} 26. Rxe6
{[%clk 0:25:40]} Kxe6 {[%clk 0:00:52]} 27. Re1+ {[%clk 0:26:04]} Kd6
{[%clk 0:00:46]} 28. Bg3+ {[%clk 0:26:26]} Kc6 {[%clk 0:00:37]} 29. Re6+
{[%clk 0:22:16]} Kd7 {[%clk 0:00:48]} 30. Qxd5+ {[%clk 0:22:19]} Kc8
{[%clk 0:01:14]} 31. Nxd4 {[%clk 0:20:59]} Rd8 {[%clk 0:00:48]} 32. Qf5
{[%clk 0:19:26]} Kb8 {[%clk 0:01:02]} 33. Be5 {[%clk 0:18:10]} Qd7
{[%clk 0:00:39]} 34. Qc2 {[%clk 0:15:00]} Ng5 {[%clk 0:00:36]} 35. Rg6
{[%clk 0:11:37]} 1-0